000 00393nam a22001217a 4500
082 _a631.45
_bNIS/SU
100 _aNisha, T.V
_944
245 _aSubsurface irrigation of ladies finger in sandy loam soil
260 _aTavanur
_bDepartment of IDE
_c2007
700 _aAsha Joseph (guide)
_945
856 _uhttps://drive.google.com/file/d/0B8K9-c_S7d7WVzJGd2VzRDhJWWs/edit?usp=sharing
942 _cTH
999 _c14086
_d14086